[Event "EU-chT Railways USIC"]
[Site "Korenov"]
[Date "2017.10.11"]
[Round "2.3"]
[White "Taylor, William J"]
[Black "Rossi, Silvano"]
[Result "1/2-1/2"]
[WhiteElo "2035"]
[BlackElo "1938"]
[PlyCount "68"]
[EventDate "2017.10.10"]
[EventType "team-tourn"]
[EventRounds "5"]
[EventCountry "CZE"]
[SourceTitle "CBM 181 Extra"]
[Source "ChessBase"]
[SourceDate "2017.12.12"]
[SourceVersion "1"]
[SourceVersionDate "2017.12.12"]
[SourceQuality "1"]
[WhiteTeam "Great Britain"]
[BlackTeam "Switzerland"]
[WhiteTeamCountry "GBR"]
[BlackTeamCountry "SUI"]

1. e4 e6 2. d4 d5 3. Nd2 c5 4. Ngf3 cxd4 5. Nxd4 Nf6 6. exd5 exd5 7. Be2 Nc6 8. N2f3 Be7 9. 0-0 0-0 10. h3 h6 11. Bf4 a6 12. c3 Bd6 13. Bxd6 Qxd6 14. Re1 Bd7 15. Qc2 Rfe8 16. Rad1 Qf4 17. g3 Qc7 18. Bf1 Rxe1 19. Rxe1 Re8 20. Rxe8+ Bxe8 21. Nxc6 Bxc6 22. Bg2 Qe7 23. Qd1 Qc5 24. Qd4 Qxd4 25. Nxd4 Bd7 26. c4 Be6 27. Nxe6 fxe6 28. Kf1 b6 29. cxd5 exd5 30. Ke2 Kf7 31. Kd3 Ke6 32. Kd4 Kd6 33. Bf3 Ke6 34. Bg2 Kd6 1/2-1/2